000 00451nam a2200157Ia 4500
008 210716s1991 xx 000 0 und d
020 _a876926812
041 _aeng
082 _a004.68 MCNJ
100 _aMcnamara, John E.
245 _aLocal area networks: an introduction to the technology.
_bIntroduction to the technology.
250 _a1
260 _aNew Delhi
_bPrentice Hall of India PVt Ltd
_c1991
300 _aviii,165
650 _aNone
999 _c182026
_d182026